000 00640nam a2200217 i 4500
001 150056
003 ES-MaACL
005 20260525062935.0
007 t|
008 071026s1974 sp ||||1| spa d
080 _a821.134.2-23"19"
100 1 _aValle-Inclán, Ramón del,
_d1866-1936
_9112796
245 1 0 _aDivinas palabras
_b: tragicomedia de aldea /
_cRamón del Valle-Inclán.
250 _a6ª ed.
260 _aMadrid :
_bEspasa Calpe,
_c1974.
300 _a137 p. ;
_c18 cm.
490 1 _aColección austral ;
_v1320
830 0 _aColección austral
_v1320
_9177655
852 _aES-MaACL
_jE-6768
_bR.90918
999 _c150056
_d150056